[Event "Jan Macieja Memorial"]
[Site "Warsaw POL"]
[Date "2023.07.10"]
[Round "9.39"]
[White "Jaszczuk, Piotr"]
[Black "Szewczyk, Mariusz"]
[Result "0-1"]
[WhiteElo "1627"]
[BlackElo "1994"]
[EventDate "2023.07.10"]
[PlyCount "70"]

1.e4 e5 2.Nf3 Nc6 3.Bb5 a6 4.Ba4 Nf6 5.O-O Be7 6.c3 b5 7.Bc2 d6 8.d4 Bg4 9.Be3 
O-O 10.h3 Bh5 11.Nbd2 exd4 12.cxd4 Nb4 13.a3 Nxc2 14.Qxc2 c5 15.dxc5 dxc5 
16.Rac1 Rc8 17.Rfd1 Qc7 18.Re1 Rfd8 19.Ng5 h6 20.Ngf3 c4 21.Nh4 Rd3 22.Nf5 Bc5 
23.b3 Bxa3 24.Ra1 Bb4 25.bxc4 bxc4 26.Ra4 a5 27.Rc1 Bxd2 28.Bxd2 Nxe4 29.Be1 
Bg6 30.Ne3 Nd6 31.Nxc4 Nxc4 32.Rxc4 Qxc4 33.Qxc4 Rxc4 34.Rxc4 Rd1 35.Kf1 Bd3+ 0-1

[Event "Jan Macieja Memorial"]
[Site "Warsaw POL"]
[Date "2023.07.10"]
[Round "9.40"]
[White "Dworakowska, Joanna"]
[Black "Malik, Maciej"]
[Result "0-1"]
[WhiteElo "2234"]
[BlackElo "1886"]
[EventDate "2023.07.10"]
[PlyCount "98"]

1.e4 d6 2.d4 Nf6 3.Nc3 g6 4.g3 Bg7 5.Bg2 O-O 6.Nge2 e5 7.h3 exd4 8.Nxd4 Re8 
9.O-O Nc6 10.Nxc6 bxc6 11.Re1 Bb7 12.Bf4 h6 13.Qd2 Kh7 14.Rad1 Nd7 15.Be3 Ne5 
16.b3 Qf6 17.f4 Nf3+ 18.Bxf3 Qxc3 19.Qf2 c5 20.f5 Bxe4 21.Bxe4 Rxe4 22.fxg6+ 
fxg6 23.Bxh6 Rxe1+ 24.Rxe1 Bxh6 25.Re7+ Bg7 26.Kg2 Kh8 27.Re3 Qd4 28.Qe2 Rf8 
29.c3 Qd5+ 30.Kh2 Be5 31.Rd3 Qf7 32.Kg2 Qf5 33.a4 a5 34.h4 Kg7 35.Re3 Qh5 
36.Qd2 Qg4 37.Rd3 Qe4+ 38.Kh2 Rf3 39.Rxf3 Qxf3 40.Qg5 Bf6 41.Qd2 Qxc3 42.Qe2 
Qb2 43.Qxb2 Bxb2 44.Kg2 Kf6 45.Kf3 Be5 46.g4 Bd4 47.Ke4 c6 48.g5+ Ke6 49.h5 
gxh5 0-1

[Event "Jan Macieja Memorial"]
[Site "Warsaw POL"]
[Date "2023.07.10"]
[Round "9.41"]
[White "Gbiorczyk, Mikolaj"]
[Black "Fiszer, Bartosz"]
[Result "0-1"]
[WhiteElo "1874"]
[BlackElo "2132"]
[EventDate "2023.07.10"]
[PlyCount "60"]

1.e4 c5 2.Nf3 Nc6 3.d4 cxd4 4.Nxd4 Nf6 5.Nc3 d6 6.Bg5 e6 7.Qd3 a6 8.Nxc6 bxc6 
9.O-O-O h6 10.Bf4 e5 11.Bxe5 Ng4 12.Bg3 Qa5 13.Be2 Ne5 14.Qd2 Be6 15.f4 Nc4 
16.Bxc4 Bxc4 17.f5 Bxa2 18.Bxd6 Rd8 19.e5 Bxd6 20.exd6 O-O 21.f6 Be6 22.fxg7 
Kxg7 23.Qd4+ f6 24.Rhe1 Bf7 25.Re7 Qg5+ 26.Kb1 Rfe8 27.Rde1 Rxe7 28.Rxe7 Kf8 
29.Ne4 Qd5 30.Qxf6 Qd1# 0-1

[Event "Jan Macieja Memorial"]
[Site "Warsaw POL"]
[Date "2023.07.10"]
[Round "9.42"]
[White "Sanz, Losada Victoriano"]
[Black "Jasiulewicz, Dawid"]
[Result "1-0"]
[WhiteElo "2010"]
[BlackElo "1797"]
[EventDate "2023.07.10"]
[PlyCount "59"]

1.d4 d5 2.c4 dxc4 3.Nf3 Nf6 4.e3 e6 5.Bxc4 c5 6.O-O a6 7.a4 Nc6 8.Nc3 cxd4 
9.exd4 Be7 10.Be3 O-O 11.Qe2 Bd7 12.Rad1 Nb4 13.Ne5 Bc6 14.f3 Qc7 15.Bf2 Nfd5 
16.Bg3 Qa5 17.Bb3 Rac8 18.f4 Nxc3 19.bxc3 Nd5 20.Bxd5 Bxd5 21.c4 Bc6 22.f5 Bxa4 
23.Ra1 Bf6 24.fxe6 fxe6 25.Qa2 b5 26.cxb5 axb5 27.Qxe6+ Kh8 28.Nf7+ Rxf7 
29.Qxc8+ Bd8 30.Rxf7 1-0

[Event "Jan Macieja Memorial"]
[Site "Warsaw POL"]
[Date "2023.07.10"]
[Round "9.43"]
[White "Hury, Tymoteusz"]
[Black "Jakubowska, Anna"]
[Result "0-1"]
[WhiteElo "1827"]
[BlackElo "2001"]
[EventDate "2023.07.10"]
[PlyCount "81"]

1.b3 e5 2.Bb2 d6 3.e3 f5 4.d4 e4 5.h4 Nf6 6.Ne2 d5 7.Nf4 Bd6 8.g3 Bxf4 9.gxf4 
Be6 10.Nd2 Bf7 11.c4 Bh5 12.Be2 Bxe2 13.Qxe2 c6 14.O-O-O Qa5 15.Kb1 Na6 16.Rdg1 
Ng4 17.f3 exf3 18.Nxf3 O-O-O 19.h5 Rhe8 20.Ne5 Nxe5 21.fxe5 dxc4 22.Qxc4 Re7 
23.Bc3 Qc7 24.Rg5 Qd7 25.Ba5 Rde8 26.Bb4 Nxb4 27.Qxb4 Qd5 28.Re1 Qe4+ 29.Kb2 
Rc7 30.Qa4 Rd8 31.Qxa7 Qd3 32.Qa8+ Kd7 33.Rxg7+ Ke6 34.Qxd8 Qd2+ 35.Ka3 Qa5+ 
36.Kb2 Qd2+ 37.Kb1 Qxe1+ 38.Kc2 Rxg7 39.Qe8+ Kd5 40.Qd8+ Ke4 41.Qh4+ 0-1

[Event "Jan Macieja Memorial"]
[Site "Warsaw POL"]
[Date "2023.07.10"]
[Round "9.44"]
[White "Zalega, Maciej"]
[Black "Karut, Kacper"]
[Result "1/2-1/2"]
[WhiteElo "1992"]
[BlackElo "1796"]
[EventDate "2023.07.10"]
[PlyCount "127"]

1.e4 c5 2.Nf3 Nc6 3.d4 cxd4 4.Nxd4 Nf6 5.Nc3 d6 6.Bg5 Bd7 7.Be2 Rc8 8.O-O Nxd4 
9.Qxd4 Qa5 10.f4 h6 11.Bh4 g5 12.Bg3 Bg7 13.e5 Ng4 14.Bxg4 Bxg4 15.f5 Qc5 
16.Qxc5 dxc5 17.h3 Bh5 18.Ne4 O-O 19.Bf2 e6 20.f6 Bh8 21.Nd6 Rc7 22.g4 Bg6 
23.c3 b6 24.Rfd1 Rd7 25.Rd2 Rfd8 26.Bg3 Rxd6 27.Rxd6 Rxd6 28.exd6 Bxf6 29.Rd1 
c4 30.d7 Bd8 31.Bc7 Bxc7 32.d8=Q+ Bxd8 33.Rxd8+ Kg7 34.Rd7 a6 35.Rd6 b5 36.Rxa6 
Bb1 37.a4 bxa4 38.Rxa4 Bd3 39.Kf2 Kf6 40.Ra5 Kg6 41.Kg3 f5 42.gxf5+ exf5 
43.Ra6+ Kh5 44.Rf6 f4+ 45.Kh2 Bc2 46.Rc6 Bb3 47.Rf6 Ba2 48.Ra6 Bb3 49.Rf6 Ba2 
50.Rf8 Bb3 51.Kg2 Kh4 52.Rh8 h5 53.Kh2 Ba2 54.Kg2 Bb3 55.Kh2 Ba2 56.Kg2 Bb3 
57.Kh2 Ba2 58.Kg2 Bb3 59.Kh2 Ba2 60.Rh7 Bb3 61.Rh6 Ba2 62.Rh7 Bb3 63.Rh6 Ba2 
64.Rh8 1/2-1/2

[Event "Jan Macieja Memorial"]
[Site "Warsaw POL"]
[Date "2023.07.10"]
[Round "9.45"]
[White "Janeczko, Jakub"]
[Black "Kalus, Franciszek"]
[Result "0-1"]
[WhiteElo "1991"]
[BlackElo "1727"]
[EventDate "2023.07.10"]
[PlyCount "56"]

1.e4 e5 2.Nf3 Nc6 3.Nc3 Nf6 4.a3 Be7 5.d4 exd4 6.Nxd4 O-O 7.Be2 d5 8.exd5 Nxd5 
9.Nxc6 bxc6 10.Ne4 Bf5 11.Ng3 Bg6 12.O-O Bd6 13.Bf3 Re8 14.Bd2 Rb8 15.Qc1 Qf6 
16.c4 Nf4 17.Bc3 Qe6 18.Bxc6 Red8 19.Bb5 c6 20.Bxc6 Qxc4 21.Bf3 Nd3 22.Qg5 h6 
23.Bd5 hxg5 24.Bxc4 Nxb2 25.Bxb2 Rxb2 26.Rfd1 Rbb8 27.a4 Be5 28.Ra3 Rxd1+ 0-1

[Event "Jan Macieja Memorial"]
[Site "Warsaw POL"]
[Date "2023.07.10"]
[Round "9.46"]
[White "Zareba, Piotr"]
[Black "Goslawski, Michal"]
[Result "1-0"]
[WhiteElo "1743"]
[BlackElo "1989"]
[EventDate "2023.07.10"]
[PlyCount "117"]

1.e4 c6 2.d4 d5 3.e5 c5 4.dxc5 e6 5.Be3 Nd7 6.Nf3 Bxc5 7.Bxc5 Nxc5 8.Be2 Qb6 
9.b3 Ne7 10.O-O Ng6 11.Re1 Ne4 12.Rf1 O-O 13.Bd3 Rd8 14.Nbd2 Nc3 15.Qe1 Qc7 
16.Nb1 Nxb1 17.Rxb1 b6 18.Qe3 Bb7 19.Bxg6 hxg6 20.Nd4 Ba6 21.Rfc1 Rac8 22.c3 
Qe7 23.a4 Rc5 24.b4 Rc4 25.Rb3 Rdc8 26.Ra3 Qh4 27.h3 g5 28.a5 b5 29.Ra2 Qf4 
30.Qxf4 gxf4 31.Rac2 Kf8 32.f3 Ke7 33.Nb3 Bb7 34.Nc5 R8xc5 35.bxc5 a6 36.Kf2 
Rxc5 37.Ke2 Rc4 38.Ra1 Bc6 39.Kd3 Be8 40.h4 f6 41.exf6+ Kxf6 42.Re2 Bg6+ 43.Kd2 
Bf5 44.Ra3 e5 45.Kc1 b4 46.Rb3 Rxc3+ 47.Kb2 Rc4 48.Re1 Rc2+ 49.Ka1 Rc4 50.Kb2 
d4 51.Rc1 Rxc1 52.Kxc1 e4 53.fxe4 Bxe4 54.Rxb4 Ke5 55.Rb6 Bd3 56.Kd2 Bc4 57.Rc6 
Bb5 58.Rc5+ Ke6 59.Rxb5 1-0

[Event "Jan Macieja Memorial"]
[Site "Warsaw POL"]
[Date "2023.07.10"]
[Round "9.47"]
[White "Obukhava, Anastasiya"]
[Black "Taranowicz, Michal"]
[Result "0-1"]
[WhiteElo "1663"]
[BlackElo "1975"]
[EventDate "2023.07.10"]
[PlyCount "102"]

1.Nf3 d6 2.e3 f5 3.d4 Nf6 4.c4 g6 5.b3 Bg7 6.Bb2 O-O 7.Be2 c6 8.O-O Nbd7 9.Nc3 
Qc7 10.Rc1 e5 11.dxe5 Nxe5 12.Qc2 Be6 13.Nd4 Bf7 14.Rfd1 Rad8 15.Ba3 Rfe8 
16.Rd2 a6 17.Rcd1 d5 18.cxd5 Nxd5 19.Nxd5 Bxd5 20.f4 Nf7 21.Kf2 Nd6 22.Bxd6 
Rxd6 23.Bf3 Qe7 24.Re1 h6 25.Bxd5+ Rxd5 26.Nf3 Red8 27.Rxd5 Rxd5 28.Rd1 Rc5 
29.Qd2 Kh7 30.Kf1 Rc3 31.Ne5 Bxe5 32.fxe5 Rc5 33.e6 Rd5 34.Qc2 Qxe6 35.Rxd5 
Qxd5 36.Kf2 Kg7 37.Qc3+ Kh7 38.Qf6 Qd7 39.Ke2 Qg7 40.Qd4 Qxd4 41.exd4 Kg7 
42.Kd3 Kf6 43.Kc4 b6 44.d5 c5 45.a3 Ke5 46.b4 cxb4 47.axb4 g5 48.g3 f4 49.gxf4+ 
gxf4 50.d6 Kxd6 51.Kd4 a5 0-1

[Event "Jan Macieja Memorial"]
[Site "Warsaw POL"]
[Date "2023.07.10"]
[Round "9.48"]
[White "Podgorski, Maciej"]
[Black "Borowicz, Joachim"]
[Result "1-0"]
[WhiteElo "1945"]
[BlackElo "1568"]
[EventDate "2023.07.10"]
[PlyCount "27"]

1.e4 e5 2.Nf3 Nc6 3.Bc4 Nf6 4.Ng5 d5 5.exd5 b5 6.Bf1 Nxd5 7.Qf3 Qxg5 8.Qxd5 Bd7 
9.Bxb5 Qf6 10.O-O Be7 11.Nc3 O-O 12.Qxd7 Nd4 13.Nd5 Qg6 14.Nxe7+ 1-0

[Event "Jan Macieja Memorial"]
[Site "Warsaw POL"]
[Date "2023.07.10"]
[Round "9.49"]
[White "Krzyzewski, Radoslaw"]
[Black "Marcinczyk, Monika"]
[Result "0-1"]
[WhiteElo "1612"]
[BlackElo "1945"]
[EventDate "2023.07.10"]
[PlyCount "76"]

1.e4 e5 2.Nf3 Nc6 3.Bc4 Bc5 4.d4 exd4 5.Ng5 Nh6 6.Nxf7 Nxf7 7.Bxf7+ Kxf7 8.Qh5+ 
g6 9.Qd5+ Kg7 10.Qxc5 Qe7 11.Qxe7+ Nxe7 12.O-O d6 13.Bg5 Nc6 14.f4 Rf8 15.Nd2 
Be6 16.a3 Rae8 17.b4 a5 18.b5 Na7 19.a4 c5 20.b6 Nc6 21.Rab1 Nb4 22.h4 Nxc2 
23.h5 gxh5 24.f5 Bf7 25.Bf4 Rd8 26.Rf3 Rg8 27.e5 dxe5 28.Bxe5+ Kf8 29.Bc7 Rd7 
30.Rb5 Bd5 31.Rf2 Ne3 32.g3 c4 33.Rxa5 c3 34.Ra8+ Kf7 35.Rxg8 Kxg8 36.Nf1 c2 
37.f6 c1=Q 38.f7+ Kf8 0-1

[Event "Jan Macieja Memorial"]
[Site "Warsaw POL"]
[Date "2023.07.10"]
[Round "9.50"]
[White "Staszewski, Krzysztof"]
[Black "Pesko, Tomasz"]
[Result "0-1"]
[WhiteElo "1488"]
[BlackElo "1904"]
[EventDate "2023.07.10"]
[PlyCount "118"]

1.c4 e5 2.Nc3 Nf6 3.Nf3 Nc6 4.g3 d5 5.cxd5 Nxd5 6.Bg2 Be6 7.d3 Be7 8.O-O O-O 
9.a3 a5 10.Nxd5 Bxd5 11.Be3 a4 12.Rc1 f6 13.Qd2 Na5 14.Qd1 Nb3 15.Rb1 c5 16.Nd2 
Bxg2 17.Kxg2 Qd5+ 18.Kg1 Nxd2 19.Qxd2 b5 20.Rfc1 Rfc8 21.f3 f5 22.Bg5 Bf8 
23.Kg2 Ra6 24.Rc2 h6 25.Be3 Rac6 26.Rbc1 g5 27.Qa5 e4 28.dxe4 fxe4 29.f4 c4 
30.Qd2 Rd8 31.fxg5 hxg5 32.Qc3 Bg7 33.Qe1 Rcd6 34.Rd2 Qf5 35.Rxd6 Rxd6 36.Rd1 
Rxd1 37.Qxd1 Bxb2 38.Qd8+ Kh7 39.Qe7+ Kg6 40.Qe8+ Kh7 41.Qe7+ Bg7 42.Bxg5 c3 
43.Bc1 c2 44.Qh4+ Kg8 45.Qd8+ Qf8 46.Qxf8+ Bxf8 47.Kf2 b4 48.axb4 Bxb4 49.Ke3 
a3 50.Kxe4 a2 51.Bb2 a1=Q 52.Bxa1 c1=Q 53.Bd4 Qc4 54.e3 Bc5 55.Ke5 Bxd4+ 
56.exd4 Kf7 57.h4 Qe2+ 58.Kf5 Qf2+ 59.Ke5 Qxg3+ 0-1

[Event "Jan Macieja Memorial"]
[Site "Warsaw POL"]
[Date "2023.07.10"]
[Round "9.51"]
[White "Bartoszewicz, Marcin"]
[Black "Wiech, Grzegorz"]
[Result "0-1"]
[WhiteElo "1668"]
[BlackElo "2131"]
[EventDate "2023.07.10"]
[PlyCount "96"]

1.e4 c5 2.Nf3 d6 3.d4 cxd4 4.Qxd4 Nc6 5.Bb5 Bd7 6.Bxc6 Bxc6 7.Nc3 Nf6 8.Bg5 e6 
9.O-O-O Be7 10.Rhe1 h6 11.Bh4 O-O 12.Bg3 Qa5 13.Bxd6 Rfd8 14.e5 Ne8 15.Qf4 Nxd6 
16.exd6 Bf6 17.Qe3 Rac8 18.Rd3 Bxf3 19.Qxf3 Bxc3 20.Rxc3 Rxc3 21.Qxc3 Qxc3 
22.bxc3 Rxd6 23.Re4 Kf8 24.Rc4 Ke7 25.Rc7+ Rd7 26.Rc8 e5 27.Kb2 f5 28.c4 e4 
29.Kc3 f4 30.Rc5 Ke6 31.Rb5 e3 32.fxe3 fxe3 33.Rb1 Ke5 34.Rf1 Ke4 35.Rf8 Re7 
36.Rf3 g5 37.h3 h5 38.Rf8 Rd7 39.Re8+ Kf4 40.c5 Rd2 41.Rf8+ Ke4 42.Re8+ Kf5 
43.Rxe3 Rxg2 44.a4 h4 45.Kd3 Rg3 46.Rxg3 hxg3 47.Ke3 g4 48.c3 gxh3 0-1

[Event "Jan Macieja Memorial"]
[Site "Warsaw POL"]
[Date "2023.07.10"]
[Round "9.52"]
[White "Makarewicz, Pawel"]
[Black "Sternik, Piotr"]
[Result "0-1"]
[WhiteElo "2085"]
[BlackElo "1642"]
[EventDate "2023.07.10"]
[PlyCount "53"]

1.e4 c6 2.d4 d5 3.exd5 cxd5 4.Bd3 Nc6 5.c3 Nf6 6.h3 g6 7.Nf3 Bf5 8.Bg5 Bg7 
9.Bxf5 gxf5 10.O-O O-O 11.Qc1 Kh8 12.Bh6 Rg8 13.Bxg7+ Rxg7 14.Qf4 e6 15.Nbd2 
Ne4 16.Nxe4 fxe4 17.Ne5 Nxe5 18.Qxe5 Qe7 19.f3 f6 20.Qf4 Rag8 21.Rf2 f5 22.fxe4 
dxe4 23.Qe5 Qd7 24.Rd1 Qc6 25.Rfd2 Qb6 26.b3 h6 27.Kh1 0-1

[Event "Jan Macieja Memorial"]
[Site "Warsaw POL"]
[Date "2023.07.10"]
[Round "9.53"]
[White "Matskevich, Varvara"]
[Black "Zhuk, Ivan"]
[Result "0-1"]
[WhiteElo "1628"]
[BlackElo "2032"]
[EventDate "2023.07.10"]
[PlyCount "54"]

1.e4 e6 2.d4 d5 3.e5 c5 4.c3 Qb6 5.Nf3 Nc6 6.Bd3 f6 7.O-O Bd7 8.Bc2 fxe5 9.dxe5 
Nge7 10.Re1 g6 11.b3 Bg7 12.h4 d4 13.h5 Qc7 14.cxd4 Nxd4 15.Nxd4 cxd4 16.Bf4 
O-O 17.Bg5 Nf5 18.hxg6 hxg6 19.g4 Nh6 20.Bxg6 Bc6 21.Be4 Qxe5 22.Bxh6 Bxe4 
23.Bxg7 Kxg7 24.Nd2 Rf4 25.f3 Rxg4+ 26.Kf2 Qh2+ 27.Kf1 Rg1# 0-1

[Event "Jan Macieja Memorial"]
[Site "Warsaw POL"]
[Date "2023.07.10"]
[Round "9.54"]
[White "Derylo, Kamil"]
[Black "Zeissel, Andrzej"]
[Result "1-0"]
[WhiteElo "2026"]
[BlackElo "1600"]
[EventDate "2023.07.10"]
[PlyCount "39"]

1.e4 c5 2.Nf3 e6 3.Bd3 Nc6 4.O-O Qc7 5.c3 Nf6 6.Bc2 b6 7.d4 Ba6 8.Re1 Be7 9.d5 
Ne5 10.Nxe5 Qxe5 11.f4 Qc7 12.d6 Bxd6 13.e5 Nd5 14.exd6 Qxd6 15.Be4 O-O 16.Na3 
c4 17.Bxd5 exd5 18.Nc2 Rfe8 19.Nd4 Qc5 20.Be3 1-0

[Event "Jan Macieja Memorial"]
[Site "Warsaw POL"]
[Date "2023.07.10"]
[Round "9.55"]
[White "Budzisz, Adrian"]
[Black "Wieckowski, Kamil"]
[Result "1-0"]
[WhiteElo "2018"]
[BlackElo "1608"]
[EventDate "2023.07.10"]
[PlyCount "62"]

1.e4 c5 2.Nf3 e6 3.g3 Nc6 4.Bg2 b6 5.d4 cxd4 6.Nxd4 Bb7 7.O-O Bc5 8.Be3 Nf6 
9.e5 Nxd4 10.Bxb7 Rb8 11.exf6 Qxf6 12.Bg2 Nf5 13.Bc1 O-O 14.Nd2 d5 15.Nb3 Bd6 
16.c3 Rbc8 17.a4 Rc4 18.a5 b5 19.a6 Rfc8 20.Qd3 b4 21.Na5 R4c7 22.Bd2 bxc3 
23.Bxc3 d4 24.Bd2 Qe5 25.Bf4 Qf6 26.Bxd6 Nxd6 27.Bb7 Rd8 28.Rac1 Rxc1 29.Rxc1 
e5 30.Nc6 Re8 31.Re1 Qg5 1-0

[Event "Jan Macieja Memorial"]
[Site "Warsaw POL"]
[Date "2023.07.10"]
[Round "9.57"]
[White "Ponikowski, Przemyslaw"]
[Black "Kaszuba, Michal"]
[Result "0-1"]
[WhiteElo "1918"]
[BlackElo "1564"]
[EventDate "2023.07.10"]
[PlyCount "160"]

1.g3 d5 2.c4 c6 3.Bg2 Nf6 4.cxd5 cxd5 5.Nf3 Nc6 6.d4 e6 7.O-O Bd6 8.Nc3 a6 
9.Re1 O-O 10.Bg5 h6 11.Bd2 b5 12.a3 Qb6 13.Bf4 Bxf4 14.gxf4 a5 15.e3 Ba6 16.Ne5 
Nxe5 17.fxe5 Nd7 18.Kh1 b4 19.Na4 Qb5 20.b3 bxa3 21.Rxa3 Qb4 22.Qa1 Rab8 23.Nc3 
Bd3 24.Ne2 Bxe2 25.Rxe2 Rfc8 26.Re1 Rb5 27.Bf1 Rbb8 28.Rxa5 Qxb3 29.Ra7 Nf8 
30.Be2 Qc3 31.Qxc3 Rxc3 32.Bh5 g6 33.Bf3 Rc2 34.Kg1 Rbb2 35.Rf1 Rc3 36.Ra8 Kg7 
37.Bd1 Rc1 38.Ra7 Rbb1 39.Be2 Re1 40.Rxe1 Rxe1+ 41.Bf1 Nh7 42.h4 g5 43.h5 g4 
44.Kg2 Ng5 45.Bb5 Nf3 46.Kg3 Rg1+ 47.Kf4 Nh4 48.Be2 Ng2+ 49.Kxg4 Nxe3+ 50.Kf3 
Nf5 51.Bb5 Nxd4+ 52.Ke3 Nxb5 53.Rb7 Nc3 54.f4 Ne4 55.f5 Re1+ 56.Kf4 Rf1+ 57.Ke3 
Rxf5 58.Rb1 Rxe5 59.Rg1+ Rg5 60.Rb1 Rxh5 61.Rb7 Rh3+ 62.Kf4 Nf6 63.Ke5 Re3+ 
64.Kd4 Re4+ 65.Kd3 h5 66.Rb2 h4 67.Rh2 Rg4 68.Rh1 e5 69.Re1 e4+ 70.Kd4 Kg6 
71.Rh1 Kf5 72.Rf1+ Rf4 73.Rh1 Ng4 74.Kxd5 e3 75.Rxh4 e2 76.Rh5+ Kg6 77.Rh1 Rf1 
78.Rh4 e1=Q 79.Rxg4+ Kh7 80.Re4 Qxe4+ 0-1

[Event "Jan Macieja Memorial"]
[Site "Warsaw POL"]
[Date "2023.07.10"]
[Round "9.58"]
[White "Spicak, Krzysztof"]
[Black "Lasota, Adam"]
[Result "1-0"]
[WhiteElo "1571"]
[BlackElo "1903"]
[EventDate "2023.07.10"]
[PlyCount "79"]

1.e4 b6 2.d4 Bb7 3.Bd3 e6 4.Nf3 c5 5.c3 Nf6 6.Bg5 h6 7.Bxf6 Qxf6 8.O-O Qf4 
9.Qe2 Be7 10.Ne5 O-O 11.g3 Qf6 12.f4 cxd4 13.Ng4 Qg6 14.e5 Qh5 15.Nf6+ gxf6 
16.Qxh5 f5 17.Qxh6 dxc3 18.Nxc3 Nc6 19.g4 Nd4 20.gxf5 Nxf5 21.Bxf5 exf5 22.Rfd1 
Bc5+ 23.Kf1 Rae8 24.Qg5+ Kh8 25.Qh6+ Kg8 26.Ke2 Re6 27.Rg1+ Bxg1 28.Rxg1+ Rg6 
29.Rxg6+ fxg6 30.Qxg6+ Kh8 31.Qd6 Rg8 32.Qxd7 Ba6+ 33.Kf3 Rg7 34.Qe8+ Kh7 
35.Qh5+ Kg8 36.Qxf5 Bb7+ 37.Ke3 Rf7 38.Qg6+ Rg7 39.Qe8+ Kh7 40.f5 1-0

[Event "Jan Macieja Memorial"]
[Site "Warsaw POL"]
[Date "2023.07.10"]
[Round "9.59"]
[White "Sprzeczka, Emilia"]
[Black "Prus, Marek"]
[Result "1-0"]
[WhiteElo "1876"]
[BlackElo "1584"]
[EventDate "2023.07.10"]
[PlyCount "92"]

1.e4 c5 2.c3 d5 3.exd5 Qxd5 4.d4 Nc6 5.Nf3 Bg4 6.dxc5 Qxd1+ 7.Kxd1 Ne5 8.Be2 
O-O-O+ 9.Nbd2 Nxf3 10.Bxf3 Bxf3+ 11.gxf3 e5 12.b4 Nf6 13.Kc2 a5 14.a3 a4 15.Ne4 
Nd5 16.Rd1 Be7 17.c4 Nf4 18.Nd6+ Bxd6 19.cxd6 Rhe8 20.Be3 f5 21.c5 g5 22.Kc3 h5 
23.Kc4 Ne2 24.Rd2 Nf4 25.b5 e4 26.c6 bxc6 27.bxc6 Re6 28.Bxf4 gxf4 29.Kc5 e3 
30.fxe3 fxe3 31.Rd5 e2 32.Re1 Re3 33.Rxf5 Rxa3 34.Rxe2 Rc3+ 35.Kb6 Rxd6 36.Re8+ 
Rd8 37.Rxd8+ Kxd8 38.Rf8+ Ke7 39.Ra8 Kd6 40.Rd8+ Ke7 41.c7 Rb3+ 42.Ka7 Rc3 
43.c8=Q Rxc8 44.Rxc8 a3 45.Rc2 Kd6 46.Ra2 Kd5 1-0

[Event "Jan Macieja Memorial"]
[Site "Warsaw POL"]
[Date "2023.07.10"]
[Round "9.60"]
[White "Gronkowski, Dariusz"]
[Black "Rasmussen, Jonas H"]
[Result "1-0"]
[WhiteElo "1539"]
[BlackElo "1875"]
[EventDate "2023.07.10"]
[PlyCount "157"]

1.Nc3 Nf6 2.e4 e5 3.Bc4 Nxe4 4.Qh5 Nd6 5.Bb3 Qf6 6.Nd5 Qd8 7.Qxe5+ Be7 8.Qxg7 
Rf8 9.d3 c6 10.Nxe7 Qxe7+ 11.Be3 Nf5 12.Qg5 Qb4+ 13.c3 Qb5 14.c4 Qa5+ 15.Bd2 
Qe5+ 16.Ne2 h6 17.Qf4 Qxf4 18.Bxf4 d6 19.O-O-O Be6 20.g4 Ne7 21.Bxd6 Bxg4 
22.Rde1 Kd7 23.c5 Re8 24.Rhg1 Bh5 25.Nf4 Bg6 26.Bxe7 Rxe7 27.Rxe7+ Kxe7 
28.Nxg6+ fxg6 29.Rxg6 Nd7 30.Rxh6 Nxc5 31.Rh7+ Kd6 32.Bc2 Rf8 33.Rh6+ Kc7 
34.Rh5 Nd7 35.h4 Rxf2 36.Rh7 Kd6 37.Rh6+ Ke7 38.Rh7+ Ke6 39.Bb3+ Kd6 40.Rh6+ 
Kc7 41.Rh7 Kd6 42.h5 b6 43.Rh6+ Nf6 44.Rg6 Ke5 45.h6 Rh2 46.Rg5+ Kf4 47.Rg6 Kf5 
48.Bf7 a5 49.Rg1 Rxh6 50.Rf1+ Ke5 51.Kc2 Nd5 52.Re1+ Kd6 53.Bxd5 Kxd5 54.Kc3 
Rh2 55.Rg1 Kd6 56.Rg6+ Kc5 57.Rg5+ Kd6 58.Rg6+ Kc7 59.a4 Rh7 60.b3 Kb7 61.Rg4 
b5 62.axb5 cxb5 63.Rg6 Rh5 64.Rg7+ Kc6 65.Rg6+ Kc5 66.d4+ Kd5 67.Rg3 b4+ 68.Kd3 
Rf5 69.Ke3 Rh5 70.Kd3 Kc6 71.Kc4 Rh6 72.Rg5 Kb6 73.Rb5+ Ka6 74.Rc5 Rd6 75.d5 
Kb6 76.Kd4 Rh6 77.Rc4 Rh4+ 78.Kd3 Rxc4 79.Kxc4 1-0

[Event "Jan Macieja Memorial"]
[Site "Warsaw POL"]
[Date "2023.07.10"]
[Round "9.62"]
[White "Mueck, Piotr"]
[Black "Backiel, Hubert"]
[Result "0-1"]
[WhiteElo "1447"]
[BlackElo "1823"]
[EventDate "2023.07.10"]
[PlyCount "47"]

1.e4 c5 2.Nf3 e6 3.d4 cxd4 4.Nxd4 Nf6 5.Nc3 Nc6 6.Be3 Bb4 7.Nb5 Nxe4 8.Qg4 Nxc3 
9.bxc3 Qf6 10.Bd2 O-O 11.Bd3 a6 12.O-O Bc5 13.Qh5 g6 14.Qxc5 axb5 15.Qxb5 Ra5 
16.Qc4 Ne5 17.Qc7 Rd5 18.Bh6 Re8 19.c4 Rd4 20.Qc5 Rh4 21.Be3 Ng4 22.h3 Rh5 
23.Qd4 Qxd4 24.Bxd4 0-1

[Event "Jan Macieja Memorial"]
[Site "Warsaw POL"]
[Date "2023.07.10"]
[Round "10.1"]
[White "Gagare, Shardul"]
[Black "Piorun, Kacper"]
[Result "1/2-1/2"]
[WhiteElo "2482"]
[BlackElo "2583"]
[EventDate "2023.07.10"]
[PlyCount "120"]

1.c4 g6 2.g3 Bg7 3.Bg2 e5 4.Nc3 f5 5.d3 Nf6 6.Nf3 d6 7.O-O O-O 8.Rb1 c6 9.b4 
Re8 10.Bg5 h6 11.Bc1 d5 12.cxd5 cxd5 13.d4 e4 14.Ne5 Kh7 15.f3 Nc6 16.f4 Qb6 
17.e3 Be6 18.Na4 Qc7 19.Nc5 Bg8 20.Bd2 b6 21.Na6 Qb7 22.b5 Nxe5 23.fxe5 Nd7 
24.Rc1 Rac8 25.Qa4 Nb8 26.Nb4 Be6 27.Nc6 a6 28.Nxb8 axb5 29.Qxb5 Qxb8 30.Bb4 
Qa8 31.a3 Qb7 32.Rfe1 Bd7 33.Qf1 b5 34.Bc5 Ra8 35.Rb1 Qc6 36.Rec1 Qa6 37.Bd6 
Rec8 38.Qe1 Rc4 39.Bf1 Rxc1 40.Rxc1 Rc8 41.Rc3 Rc6 42.Bb4 Rc8 43.Qc1 Qb7 
44.Rxc8 Bxc8 45.Qc5 Bd7 46.Qe7 Qc6 47.Qf7 Be6 48.Qa7 Kg8 49.Qc5 Qxc5 50.Bxc5 
Bd7 51.Kf2 h5 52.Ke1 Bh6 53.Kd2 Kf7 54.Be2 Ke6 55.h4 Be8 56.Bd6 Bc6 57.Bb4 Bd7 
58.Bc5 Be8 59.Bd1 Bd7 60.Be2 Be8 1/2-1/2

[Event "Jan Macieja Memorial"]
[Site "Warsaw POL"]
[Date "2023.07.10"]
[Round "10.2"]
[White "Baum, Jonasz"]
[Black "Kazakouski, Valery"]
[Result "0-1"]
[WhiteElo "2277"]
[BlackElo "2546"]
[EventDate "2023.07.10"]
[PlyCount "118"]

1.d4 Nf6 2.c4 e6 3.Nc3 Bb4 4.g3 d5 5.Bg2 O-O 6.Nf3 dxc4 7.O-O Nc6 8.Qa4 Nd5 
9.Qc2 Be7 10.Rd1 Rb8 11.e4 Ncb4 12.Qd2 Nxc3 13.Qxc3 b5 14.b3 Ba6 15.Be3 Nd3 
16.Qa5 Qc8 17.Qd2 c5 18.d5 exd5 19.exd5 Rd8 20.bxc4 bxc4 21.Rab1 Bf6 22.Qa5 
Rxb1 23.Rxb1 c3 24.Ne1 Nb4 25.Bf4 Qf5 26.Rxb4 cxb4 27.Qxa6 Qb1 28.Qe2 c2 29.d6 
c1=Q 30.Bxc1 Qxc1 31.Bf1 Qc6 32.Nd3 Qxd6 33.Nf4 g6 34.Qc4 Bd4 35.Qb3 Bb6 36.Bc4 
Rd7 37.Nd5 Bd4 38.Qf3 Kg7 39.Bb3 a5 40.Qe4 Bf6 41.Qf3 Rd8 42.h4 a4 43.Bc4 b3 
44.axb3 a3 45.b4 Rc8 46.Bb3 Rb8 47.h5 gxh5 48.Qxh5 Qe5 49.Qg4+ Kh8 50.Qd7 Kg8 
51.Nc7 Rf8 52.Nd5 Bg7 53.b5 Qa1+ 54.Kg2 Qb2 55.Ne7+ Kh8 56.Qd5 Qe5 57.b6 Qxe7 
58.b7 Rb8 59.Bc2 Qxb7 0-1

[Event "Jan Macieja Memorial"]
[Site "Warsaw POL"]
[Date "2023.07.10"]
[Round "10.3"]
[White "Heberla, Bartlomiej"]
[Black "Mis, Mieszko"]
[Result "1-0"]
[WhiteElo "2450"]
[BlackElo "2369"]
[EventDate "2023.07.10"]
[PlyCount "69"]

1.e4 d5 2.exd5 Qxd5 3.Nf3 Nf6 4.Be2 Bg4 5.d4 c6 6.c4 Qd8 7.Nc3 e6 8.Qb3 Qb6 
9.c5 Qc7 10.Bf4 Qc8 11.h3 Bxf3 12.Bxf3 Nbd7 13.O-O Be7 14.Qc2 O-O 15.b4 Bd8 
16.b5 Re8 17.bxc6 bxc6 18.Qa4 e5 19.Qxc6 Qxc6 20.Bxc6 Rc8 21.Bb7 Rc7 22.dxe5 
Nxe5 23.c6 Rce7 24.Nb5 Nd5 25.Bd2 Nc4 26.Rad1 Nc7 27.Nxc7 Bxc7 28.Bb4 Re2 
29.Rd7 Ba5 30.Ba6 Bxb4 31.Bxc4 Rc2 32.Bxf7+ Kf8 33.Bxe8 Kxe8 34.Rxa7 Bc5 
35.Rxg7 1-0

[Event "Jan Macieja Memorial"]
[Site "Warsaw POL"]
[Date "2023.07.10"]
[Round "10.4"]
[White "Bartel, Mateusz"]
[Black "Karpus, Michal"]
[Result "1-0"]
[WhiteElo "2529"]
[BlackElo "2181"]
[EventDate "2023.07.10"]
[PlyCount "119"]

1.e4 e6 2.d4 d5 3.Nc3 Nf6 4.Bg5 Bb4 5.e5 h6 6.Bh4 g5 7.Bg3 Ne4 8.Ne2 c5 9.a3 
Bxc3+ 10.Nxc3 Nxg3 11.hxg3 Nc6 12.Nb5 cxd4 13.f4 Qa5+ 14.b4 Qd8 15.Qh5 Rf8 
16.Qxh6 gxf4 17.gxf4 b6 18.Nd6+ Kd7 19.Qg7 Qe7 20.Rh7 Kc7 21.Nxf7 Bd7 22.Ng5 
Qxg7 23.Rxg7 Rae8 24.g3 Re7 25.Rxe7 Nxe7 26.Bd3 a5 27.b5 Rh8 28.Kf2 Rh2+ 29.Kg1 
Rh6 30.a4 Be8 31.Kg2 Kd7 32.Nf3 Bh5 33.Nxd4 Bg4 34.Rh1 Rxh1 35.Kxh1 Ng8 36.Kg2 
Nh6 37.Kf2 Bd1 38.Be2 Ng4+ 39.Bxg4 Bxg4 40.Ke3 Bd1 41.Kd2 Bg4 42.Ne2 Ke7 43.Nc3 
Bf5 44.Nd1 Be4 45.Ne3 Kd7 46.Ng4 Ke7 47.Nf2 Bf3 48.g4 Kf7 49.Ke3 Bg2 50.f5 Bf1 
51.Nd3 Bh3 52.fxe6+ Ke7 53.Kf3 Bf1 54.Kf2 Bh3 55.g5 Bf5 56.Ke3 Kxe6 57.Kd4 Be4 
58.Nf4+ Kf5 59.Nxd5 Bxc2 60.Ne3+ 1-0

[Event "Jan Macieja Memorial"]
[Site "Warsaw POL"]
[Date "2023.07.10"]
[Round "10.5"]
[White "Orzech, Dominik"]
[Black "Nasuta, Grzegorz"]
[Result "0-1"]
[WhiteElo "2256"]
[BlackElo "2449"]
[EventDate "2023.07.10"]
[PlyCount "84"]

1.d4 d5 2.Nf3 Nf6 3.c4 e6 4.Nc3 c6 5.cxd5 exd5 6.Bg5 Be7 7.Qc2 g6 8.e4 dxe4 
9.Bxf6 Bxf6 10.Qxe4+ Kf8 11.Bc4 Kg7 12.O-O Re8 13.Qf4 Nd7 14.Rfe1 Nb6 15.Rxe8 
Qxe8 16.Ne4 Qe7 17.Bb3 Be6 18.Bxe6 Qxe6 19.Nc5 Qd5 20.Nxb7 Re8 21.Nc5 Re2 22.b3 
Nd7 23.Nxd7 Qxd7 24.h3 c5 25.a4 cxd4 26.Rd1 Rb2 27.Rd3 Qd5 28.Nxd4 Rb1+ 29.Kh2 
Be5 30.Nf5+ gxf5 31.Rxd5 Bxf4+ 32.g3 Bc7 33.Rb5 Rb2 34.a5 Rxf2+ 35.Kg1 Ra2 
36.b4 Bxg3 37.Rxf5 Be1 38.Rb5 Ra4 39.Rb7 Bxb4 40.a6 Bc5+ 41.Kg2 Rxa6 42.Kf3 
Rf6+ 0-1